Biblioteka Instytutu Północnego w Olsztynie

Dzieła. (Rekord nr 27369)

Szczegóły MARC
000 -Nagłówek
fixed length control field 01179cam a2200313 i 4500
001 - Nr kontrolny bibl., która utworzyła rek.
control field zz2007900569
003 - Siglum bibl., której nr kontr. jest w 001
control field NUKAT
005 - Data i czas ostatniej operacji
control field 20260331075014.0
008 - Elementy pola stałej długości
fixed length control field 070115s1954 pl a g |000 0 pol c
035 ## - Systemowy numer kontrolny
systemowy numer kontrolny (OCoLC)749400172
035 ## - Systemowy numer kontrolny
systemowy numer kontrolny (NUKAT)zz2007900569
040 ## - Instytucja sporządzająca opis
Instytucja, która sporządziła opis WR U/PAd
Instytucja, która sporządziła rekord WR U/jm
Instytucja, która zmodyfikowała rekord WR U/jm
-- GD PAN/JMSs
041 1# - Kod nazwy języka dokumentu
Język tekstu pol
Language code of original rus
100 1# - Hasło główne-nazwa osobowa
Nazwa osobowa Lenin, Vladimir Ilʹič
Daty biograficzne (1870-1924).
9 (RLIN) 28927
245 10 - Tytuł właściwy i oznaczenie odpow.
tytuł Dzieła.
numer części/sekcji pracy T. 28
tytuł części/sekcji pracy Lipiec 1918 - marzec 1919 /
dod. inf. ze s. tyt./ozn. odpow. W. I. Lenin.
260 ## - Adres wydawniczy
miejsce wydania, dystrybucji itp. Warszawa :
nazwa wydawcy, dystrybutora itp. Książka i Wiedza,
data wydania, dystrybucji itp. 1954.
300 ## - Opis fizyczny
objętość i/lub forma materiału X, 558 s., [3] k. tabl. (w tym 1 złoż.) ;
format 20 cm.
336 ## - Content Type
Term Tekst
Code txt
Source rdacontent
337 ## - Media Type
Term Bez urządzenia pośredniczącego
Code n
Source rdamedia
338 ## - Carrier Type
Term Wolumin
Code nc
Source rdacarrier
380 ## - Form of work
Form of work Książki
500 ## - Uwaga ogólna
uwaga ogólna Przekład z czwartego wyd. ros. przygotowanego przez Instytut Marksa-Engelsa-Lenina przy KC WKP (b).
610 27 - Hasło przedmiotowe-nazwa ciała zbior.
nazwa ciała zbior. lub geogr. Międzynarodówka Komunistyczna.
źródło hasła kaba
9 (RLIN) 33799
650 #7 - Hasło przedmiotowe-nazwa pospolita
nazwa pospolita lub geogr. Marksizm
źródło hasła DBN
9 (RLIN) 39280
650 #7 - Hasło przedmiotowe-nazwa pospolita
nazwa pospolita lub geogr. Marksizm-leninizm
określnik formy źródła.
źródło hasła kaba
9 (RLIN) 34629
651 #7 - Hasło przedmiotowe-nazwa geogr.
nazwa geograficzna Związek Radziecki
określnik rzeczowy polityka i rządy
określnik chronologiczny 1917-1928.
źródło hasła kaba
9 (RLIN) 39281
655 #7 - Termin określający rodzaj/formę
rodzaj/forma Publicystyka
źródło terminu DBN
9 (RLIN) 35056
942 ## - ADDED ENTRY ELEMENTS (KOHA)
Source of classification or shelving scheme Dewey Decimal Classification
Koha item type pozycje dostępne na miejscu
Egzemplarze
Status wycofania Status zagubienia Klasyfikacja Status uszkodzenia Blokada wypożyczeń Kolekcja Lokalizacja macierzysta Lokalizacja bieżąca Data nabycia Numer akcesji Źródło akcesji Nr inwentarzowy il. wypożyczeń Sygnatura Kod kreskowy Date last seen Price effective from Typ egz.
    Dewey Decimal Classification nieuszkodzona   książka w magazynie Biblioteka Instytutu Północnego w Olsztynie Biblioteka Instytutu Północnego w Olsztynie 31/03/2026 D-3/1963 dar 10267/28   10267/28 IPWK23680 31/03/2026 31/03/2026 pozycje dostępne na miejscu
Biblioteka Instytutu Północnego, ul. Partyzantów 87, 10-402 Olsztyn, email: biblioteka(at)ip.olsztyn.pl